30 jeux vidéo à compléter - 2019 - Statistiques

Statistiques générales
  • Ce quiz a été pris 67 fois
  • Le résultat moyen est 16 sur 30
Statistiques - réponses
Hint Réponse % Correct
Super ... Maker 2 Mario
91%
... Legends Apex
83%
...niku Piku
75%
Pokémon ... Bouclier
70%
Tetris ... 99
68%
Star Wars Jedi: ... Order Fallen
68%
A ... Tale: Innocence Plague
68%
Death ... Stranding
64%
Outer ... Wilds
64%
... Exodus Metro
62%
Days ... Gone
60%
Sekiro: ... Die Twice Shadows
60%
Crash Team Racing ...-Fueled Nitro
58%
Untitled ... Game Goose
57%
Total War: Three ... Kingdoms
57%
The Outer ... Worlds
51%
... Elysium Disco
49%
... Chain Astral
45%
... Is You Baba
45%
... the Spire Slay
45%
A ... Hike Short
43%
Fire Emblem: Three ... Houses
42%
...: Full Body Catherine
40%
Super... Liminal
34%
... of Hyrule: Crypt of the NecroDancer featuring The Legend of Zelda Cadence
32%
... Blasphemous
30%
Children of ... Morta
30%
Katana ... Zero
25%
...: Ritual of the Night Bloodstained
23%
... Wild Hearts Sayonara
15%
Aucun quiz correspondant
Distribution des résultats
% des personnes avec chaque résultat
Percentile par nombre de réponses
Votre historique - résultats
Vous n’avez pas pris ce quiz